000 00739nam a2200253Ia 4500
003 OSt
005 20221005062318.0
006 a|||||r|||| 00| 0
007 ta
008 221004b |||||||| |||| 00| 0 eng d
020 _a9780415600880 (hbk)
_c2890.88
024 _a24148
037 _b108, 29/12/2015, Pioneer Books Distributors
_cTextual
040 _aCRL
_cCRL
_beng
041 _2eng
_aeng
082 _aYv, Q5
100 _aMartin Greg
_9601682
245 0 _aUnderstanding social movements
260 _aLondon
_bRoutledge UK
_c2015
300 _axvi, 306p.
_ccm.
650 _aSOCIOLOGY
942 _hYv, Q5
_cTEXL
_2cc
999 _c969501
_d969501